000 01076nam a2200241Ia 4500
003 PE SENCICO BE
005 20251020182444.0
008 200515s9999 xx 000 0 und d
020 _a84-267-0071-3
040 _aPE SENCICO BE
_cPE SENCICO BE
041 _aspa
082 _a537
_bS61
100 1 _aSmith, Bradley V.
_9105
245 1 0 _aIníciese en electricidad (simplifyng electricity) :
_bun libro "unifact", método fácil programado /
_cBradley V. Smith ; traducido por Angel Arnau Casas
250 _a2a ed.
_b[2a Reimp.]
260 _aBarcelona:
_bMarcombo,
_c1974
300 _a147 p.:
_bil. , graf.;
_c17 cm.
520 _aDesarrolla los elementos de la teoría eléctrica de forma paulatina y concisa. Los conceptos son expuestos uno a uno sin mezclarse seguido por un ejemplo y este por preguntas. Estudia, la naturaleza de la electricidad, corrientes eléctricas, circuitos eléc
650 1 0 _aElectricidad
_9106
650 2 4 _aELECTROMAGNESTISMO
_9107
650 2 0 _aInstalaciones eléctricas
_9108
942 _cLIB
_2ddc
_h537
_iS61
999 _c651
_d651